LEADER 00976nam0-22003491i-450- 001 990000974170403321 035 $a000097417 035 $aFED01000097417 035 $a(Aleph)000097417FED01 035 $a000097417 100 $a20000920d1952----km-y0itay50------ba 101 0 $aeng 200 1 $aTypical Means$fby K. Chandresekharan and S. Minakshisundaram 210 $aOxford$cCambridge University Press$d1952 610 0 $aCalcolo 610 0 $aTeoria delle funzioni di variabile reale 610 0 $aSerie 610 0 $aIntegrazione e differenziazione 610 0 $aTabelle di integrali 610 0 $aTeoria della misura 676 $a517.00 676 $a517.36 700 1$aChandrasekharan,$bKomaravolu$041838 702 1$aMinakshisundaram,$bS. 801 0$aIT$bUNINA$gRICA$2UNIMARC 901 $aBK 912 $a990000974170403321 952 $a14-043$b1429$fFI1 959 $aFI1 996 $aTypical Means$9346066 997 $aUNINA DB $aING01 LEADER 01933nam 2200517 450 001 9910465816603321 005 20200520144314.0 010 $a3-11-145722-2 024 7 $a10.1515/9783111457222 035 $a(CKB)3710000000718530 035 $a(MiAaPQ)EBC5049194 035 $a(DE-B1597)77065 035 $a(OCoLC)1002273022 035 $a(OCoLC)1004875857 035 $a(OCoLC)1011446913 035 $a(OCoLC)1013937243 035 $a(OCoLC)954123108 035 $a(OCoLC)999369652 035 $a(DE-B1597)9783111457222 035 $a(Au-PeEL)EBL5049194 035 $a(CaPaEBR)ebr11604839 035 $a(EXLCZ)993710000000718530 100 $a20180922d1933 uy 0 101 0 $ager 135 $aurcnu|||||||| 181 $ctxt$2rdacontent 182 $cc$2rdamedia 183 $acr$2rdacarrier 200 10$aLeistung und Gegenleistung Im Versicherungsvertrag $eEine Grundfrage des Privatversicherungsrechts /$fvon Dr. Franz Haymann 205 $aReprint 2016 210 1$aBerlin ;$aLeipzig :$cWalter De Gruyter & Co.,$d1933. 215 $a1 online resource (104 pages) 311 $a3-11-108984-3 327 $tFrontmatter -- $tInhalt -- $t§ 1. Leistung und Gegenleistung -- $t§ 2. Die Leistung des Versicherers -- $t§ 3. Die Anwendung der Regeln über den gegenseitigen Vertrag auf das Versicherungsgeschäft -- $t§ 4. Der Einfluß des Rücktritts und der Anfechtung auf die Prämienleistung -- $t§ 5. Leistung und Gegenleistung der Parteien im Konkurs und Vergleichsverfahren zur Abwendung des Konkurses 606 $aInsurance law$zGermany 608 $aElectronic books. 615 0$aInsurance law 676 $a346.43086 700 $aHaymann$b Franz$cDr.,$0227102 801 0$bMiAaPQ 801 1$bMiAaPQ 801 2$bMiAaPQ 906 $aBOOK 912 $a9910465816603321 996 $aLeistung und Gegenleistung im Versicherungsvertrag$9583270 997 $aUNINA